000 00589nam a2200241Ia 4500
003 OSt
005 20221007095122.0
006 a|||||r|||| 00| 0
007 ta
008 221006b |||||||| |||| 00| 0 eng d
024 _a893
037 _cTextual
040 _aLCO
_cLCO
_beng
041 _2eng
_aeng
082 _aZ,91, M5
100 _aTANDON M.P
_9349121
245 0 _aJurisprudence
260 _aAllahabad
_bAllahabad Law Ageny
_c1985
300 _a420
650 _aJURISPRUDENCE
942 _hZ,91, M5
_cTEXL
999 _c1170456
_d1170456